Central Library OPAC University of Rajshahi

কালান্তর / (Record no. 43938)

MARC details
000 -LEADER
fixed length control field 00835nam a2200229 a 4500
001 - CONTROL NUMBER
control field 43938
003 - CONTROL NUMBER IDENTIFIER
rucl marc code BD-RjUL
005 - DATE AND TIME OF LATEST TRANSACTION
control field 20211209053755.0
008 - FIXED-LENGTH DATA ELEMENTS--GENERAL INFORMATION
fixed length control field 160629s1962 ii ||||| |||| 00| 0 ben d
035 ## - SYSTEM CONTROL NUMBER
System control number (BD-RjUL)44056
040 ## - CATALOGING SOURCE
Original cataloging agency BD-RjUL
Language of cataloging eng
Transcribing agency BD-RjUL
Modifying agency BD-RjUL
041 ## - LANGUAGE CODE
Language code of text/sound track or separate title eng
082 ## - DEWEY DECIMAL CLASSIFICATION NUMBER
Edition number 23
Classification number 891.44
Author mark and year THK 1962
100 ## - MAIN ENTRY--PERSONAL NAME
Personal name ঠাকুর, রবীন্দ্রনাথ
9 (RLIN) 134988
245 10 - TITLE STATEMENT
Title কালান্তর /
Statement of responsibility, etc. রবীন্দ্রনাথ ঠাকুর
246 ## - VARYING FORM OF TITLE
Remainder of title পরিবর্ধিত সং.
260 ## - PUBLICATION, DISTRIBUTION, ETC. (IMPRINT)
Place of publication, distribution, etc. কলিকাতা :
Name of publisher, distributor, etc. বিশ্বভারতী,
Date of publication, distribution, etc. পুন. মুদ্রন ১৯৬২
300 ## - PHYSICAL DESCRIPTION
Pagination ৪১৬ পৃ. ;
Size ১৯ সেমি.
650 ## - SUBJECT ADDED ENTRY--TOPICAL TERM
Topical term or geographic name as entry element বাংলা সাহিত্য
9 (RLIN) 134989
Topical term or geographic name as entry element Bengali literature
9 (RLIN) 134990
942 ## - ADDED ENTRY ELEMENTS (KOHA)
Source of classification or shelving scheme Dewey Decimal Classification
Koha item type Books
Holdings
Lost status Source of classification or shelving scheme Damaged status Not for loan Collection code Permanent Location Current Location Shelving location Date acquired Source of acquisition Cost, normal purchase price Total Checkouts Full call number Date last seen Date checked out Copy number Koha item type
  Dewey Decimal Classification     Non-fiction Central Library, University of Rajshahi Central Library, University of Rajshahi   15/04/1964 F. k. I. Mukho oadaya 5.50 7 B 891.44 THK 1962 14/05/2026 30/04/2026 C-2 Books
  Dewey Decimal Classification   Not For Loan Non-fiction Central Library, University of Rajshahi Central Library, University of Rajshahi Reading Room 09/03/1967 D. M RAJSHAHI 5.50   B 891.44 THK 1962 03/11/2022   C-1 Books